000 01236nam a22003857a 4500
001 0045870
003 KOHA_MİRAKIL
005 20260207003459.0
007 ta
008 140701b2014 tu a|||gr||||#||||0|tur |
020 _a9786054667758
040 _aTR-BiSEU
_btur
_cTR-BiSEU
_erda
041 0 _atur
044 _ctu
050 _aHC495
_b.D64 2014
100 1 _aDoğan, Eda.
245 1 _aTürkiye'de yoksulluğun ölçülmesi :
_b uzmanlık tezi/
_cEda Doğan ; Eda Doğan.
264 1 _aAnkara :
_bKalkınma Bakanlığı Bölgesel Gelişme ve Yapısal Uyum Genel Müdrlüğü
_c2014
300 _aviii, 160 sayfa :
_btablo, grafik ;
_c24 cm.
336 _ametin
_btxt
_2rdacontent
337 _aaracısız
_bn
_2rdamedia
338 _acilt
_bnc
_2rdacarrier
490 1 _aKalkınma Bakanlığı Yayın No ;
_v2880.
500 _aDizin var.
500 _aKaynakça var.
650 0 _aPoverty
_913190
650 0 _aToplum bilimleri
_92301
650 0 _aYoksulluk
_913187
650 0 _aSosyal guruplar
_966659
650 0 _aYoksullar
_984421
650 0 _aToplumsal sınıflar
_99530
650 0 _aYoksulluk--Türkiye
_915178
830 1 _aKalkınma Bakanlığı Yayın No ;
_v2880.
_984422
942 _2lcc
_cBK
999 _c45839
_d45839